[Event "British Chess Championship 2010"]
[Site "Canterbury ENG"]
[Date "2010.08.03"]
[Round "8.4"]
[White "Slavin, Alexei"]
[Black "Gordon, Stephen J"]
[Result "0-1"]
[WhiteElo "2417"]
[BlackElo "2534"]
[PlyCount "96"]
[EventDate "2010.07.27"]
[EventType "swiss"]
[EventRounds "11"]
[EventCountry "ENG"]
[Source "lmi"]
[SourceDate "2010.07.25"]

1. Nf3 Nf6 2. d4 d5 3. e3 c5 4. dxc5 e6 5. c4 Bxc5 6. cxd5 exd5 7. Bb5+ Nc6 8.
O-O O-O 9. b3 Bg4 10. Bb2 Re8 11. Nbd2 Rc8 12. Rc1 Bd6 13. Be2 Bb8 14. Re1 Qd6
15. g3 h5 16. Nd4 Ne5 17. Rxc8 Bxc8 18. Nb5 Qe7 19. Nf3 Neg4 20. Bxf6 Nxf6 21.
Qd4 a6 22. Nc3 Be6 23. Qd3 Rc8 24. Rd1 Qa3 25. Qd2 Qc5 26. Na4 Qc7 27. Nd4 h4
28. Bf3 Bd7 29. Nb2 Ne4 30. Qe1 Ba7 31. Nd3 Qc3 32. Qxc3 Nxc3 33. Ra1 Bxd4 34.
exd4 Bb5 35. Nb4 Ne2+ 36. Kg2 Nxd4 37. Bxd5 a5 38. Rd1 Ne2 39. a4 Nc3 40. Rd4
h3+ 41. Kxh3 Bf1+ 42. Kh4 axb4 43. Bxb7 Rb8 44. Rd7 Bc4 45. bxc4 b3 46. Bc8 g5+
47. Kxg5 b2 48. Rd8+ Kg7 0-1

[Event "British Chess Championship 2010"]
[Site "Canterbury ENG"]
[Date "2010.08.03"]
[Round "8.5"]
[White "Bates, Richard A"]
[Black "Wells, Peter K"]
[Result "1/2-1/2"]
[WhiteElo "2382"]
[BlackElo "2488"]
[PlyCount "56"]
[EventDate "2010.07.27"]
[EventType "swiss"]
[EventRounds "11"]
[EventCountry "ENG"]
[Source "lmi"]
[SourceDate "2010.07.25"]

1. d4 Nf6 2. Nf3 d5 3. c4 e6 4. g3 Bb4+ 5. Bd2 Be7 6. Bg2 O-O 7. O-O c6 8. Qc2
Nbd7 9. Rd1 b6 10. Be1 Bb7 11. Nbd2 Rc8 12. Rac1 c5 13. Qb1 dxc4 14. Nxc4 Be4
15. Qa1 b5 16. Ncd2 Bd5 17. dxc5 Nxc5 18. b4 Na4 19. e4 Rxc1 20. Qxc1 Bb7 21.
e5 Qa8 22. exf6 Bxf6 23. Qa3 Nc3 24. Rb1 Nxb1 25. Nxb1 Rd8 26. Nbd2 Rc8 27. Nf1
h5 28. Qe3 Rc2 1/2-1/2

[Event "British Chess Championship 2010"]
[Site "Canterbury ENG"]
[Date "2010.08.03"]
[Round "8.7"]
[White "Littlewood, Paul E"]
[Black "Arkell, Keith C"]
[Result "1/2-1/2"]
[WhiteElo "2361"]
[BlackElo "2465"]
[PlyCount "21"]
[EventDate "2010.07.27"]
[EventType "swiss"]
[EventRounds "11"]
[EventCountry "ENG"]
[Source "lmi"]
[SourceDate "2010.07.25"]

1. d4 e6 2. c4 Bb4+ 3. Bd2 Bxd2+ 4. Qxd2 d5 5. Nc3 Nf6 6. Nf3 O-O 7. e3 Nbd7 8.
Rd1 Qe7 9. cxd5 exd5 10. Be2 Nb6 11. O-O 1/2-1/2

[Event "British Chess Championship 2010"]
[Site "Canterbury ENG"]
[Date "2010.08.03"]
[Round "8.8"]
[White "Constantinou, Peter"]
[Black "Pert, Richard G"]
[Result "0-1"]
[WhiteElo "2302"]
[BlackElo "2460"]
[PlyCount "48"]
[EventDate "2010.07.27"]
[EventType "swiss"]
[EventRounds "11"]
[EventCountry "ENG"]
[Source "lmi"]
[SourceDate "2010.07.25"]

1. d4 Nf6 2. Nf3 d5 3. c3 c5 4. Bf4 Nc6 5. e3 Qb6 6. Qb3 c4 7. Qc2 Bf5 8. Qc1
h6 9. h3 e6 10. Nbd2 Qa5 11. Be2 b5 12. b4 Nxb4 13. cxb4 Bxb4 14. a3 Bc3 15.
Ra2 Ne4 16. Kf1 b4 17. Nxe4 Bxe4 18. axb4 Qxa2 19. Qxc3 a5 20. Bd6 Kd7 21. Bc5
Bxf3 22. gxf3 axb4 23. Bxb4 Rhb8 24. Bc5 Rb1+ 0-1

[Event "British Chess Championship 2010"]
[Site "Canterbury ENG"]
[Date "2010.08.03"]
[Round "8.9"]
[White "Ynojosa-Aponte, Felix Jose"]
[Black "Greet, Andrew N"]
[Result "1/2-1/2"]
[WhiteElo "2224"]
[BlackElo "2451"]
[PlyCount "97"]
[EventDate "2010.07.27"]
[EventType "swiss"]
[EventRounds "11"]
[EventCountry "ENG"]
[Source "lmi"]
[SourceDate "2010.07.25"]

1. e4 d6 2. d4 Nf6 3. Bd3 e5 4. c3 Nc6 5. d5 Ne7 6. c4 Ng6 7. Nc3 Be7 8. Qc2
Nh5 9. g3 Bg5 10. Bxg5 Qxg5 11. h4 Qe7 12. Be2 Nf6 13. h5 Nf8 14. Qd2 N8d7 15.
Qe3 a5 16. Nf3 Ng4 17. Qg5 Qxg5 18. Nxg5 Nh6 19. g4 Nc5 20. f3 f6 21. Nh3 Nf7
22. Nf2 Bd7 23. Nd3 Ke7 24. Nxc5 dxc5 25. a4 Nd6 26. Nb5 Bxb5 27. axb5 b6 28.
Kd2 Nf7 29. Bd3 Rag8 30. Ke3 g6 31. Rh2 gxh5 32. Rxh5 Rg5 33. Rh2 Kf8 34. Rah1
Kg7 35. Be2 Rg6 36. f4 exf4+ 37. Kxf4 Rg5 38. Rd1 Re5 39. Rh5 Rxh5 40. gxh5 Nd6
41. Rd3 Re8 42. Re3 Re5 43. b3 Kh6 44. Bg4 a4 45. bxa4 Nxc4 46. Rc3 Nd6 47. Bf3
Re8 48. Rc1 Ra8 49. Bd1 1/2-1/2

[Event "British Chess Championship 2010"]
[Site "Canterbury ENG"]
[Date "2010.08.03"]
[Round "8.10"]
[White "Tymrakiewicz, Rafal"]
[Black "Summerscale, Aaron P"]
[Result "1/2-1/2"]
[WhiteElo "2301"]
[BlackElo "2428"]
[PlyCount "63"]
[EventDate "2010.07.27"]
[EventType "swiss"]
[EventRounds "11"]
[EventCountry "ENG"]
[Source "lmi"]
[SourceDate "2010.07.25"]

1. d4 Nf6 2. Nf3 d5 3. Bf4 c5 4. e3 Nc6 5. Nc3 Bg4 6. dxc5 e6 7. h3 Bxf3 8.
Qxf3 Bxc5 9. Bb5 Bb4 10. Bg5 Rc8 11. O-O Bxc3 12. bxc3 O-O 13. Rab1 Na5 14. Rb4
h6 15. Bh4 g5 16. Bg3 Ne4 17. Bd3 f5 18. Bxe4 fxe4 19. Qh5 Qf6 20. f3 Kh7 21.
Rbb1 exf3 22. Rxf3 Qg6 23. Qg4 h5 24. Rxf8 hxg4 25. Rxc8 Qxc2 26. Rf1 gxh3 27.
gxh3 Nc4 28. Rcf8 Nxe3 29. R1f7+ Kg6 30. Rf6+ Kh7 31. R6f7+ Kg6 32. Rf6+
1/2-1/2

[Event "British Chess Championship 2010"]
[Site "Canterbury ENG"]
[Date "2010.08.03"]
[Round "8.11"]
[White "Hawkins, Jonathan"]
[Black "Jaunooby, Ali R"]
[Result "1/2-1/2"]
[WhiteElo "2423"]
[BlackElo "2155"]
[PlyCount "103"]
[EventDate "2010.07.27"]
[EventType "swiss"]
[EventRounds "11"]
[EventCountry "ENG"]
[Source "lmi"]
[SourceDate "2010.07.25"]

1. d4 Nf6 2. c4 e6 3. Nc3 Bb4 4. Qc2 c5 5. dxc5 Na6 6. a3 Bxc3+ 7. Qxc3 Nxc5 8.
b4 Nce4 9. Qb2 Nh5 10. Nh3 f5 11. f3 Nd6 12. e4 fxe4 13. g4 Qh4+ 14. Kd1 Qf6
15. Qxf6 Nxf6 16. g5 Nh5 17. c5 Nf7 18. fxe4 g6 19. e5 O-O 20. Bb2 b6 21. Bg2
Rb8 22. Rc1 Bb7 23. Bxb7 Rxb7 24. Rg1 bxc5 25. Rxc5 Nd8 26. Ke2 Nc6 27. Rgc1
Nf4+ 28. Nxf4 Rxf4 29. Bc3 Rh4 30. Rh1 Ne7 31. Be1 Rg4 32. h3 Rd4 33. Bf2 Rf4
34. Be3 Rh4 35. Kf3 Nd5 36. Ra5 Rc7 37. Bc5 Rf4+ 38. Kg3 Rf5 39. h4 Rxe5 40.
Rxa7 Rxa7 41. Bxa7 Nc3 42. Bc5 Rd5 43. Re1 Rd3+ 44. Re3 Ne4+ 45. Kf4 Nxc5 46.
bxc5 Rd4+ 47. Re4 Rd3 48. Ra4 Rc3 49. Ra7 Rc4+ 50. Kf3 Rxc5 51. Rxd7 Rc3+ 52.
Ke4 1/2-1/2

[Event "British Chess Championship 2010"]
[Site "Canterbury ENG"]
[Date "2010.08.03"]
[Round "8.12"]
[White "Spence, David J"]
[Black "Dorrington, Chris J"]
[Result "1-0"]
[WhiteElo "2244"]
[BlackElo "2255"]
[PlyCount "63"]
[EventDate "2010.07.27"]
[EventType "swiss"]
[EventRounds "11"]
[EventCountry "ENG"]
[Source "lmi"]
[SourceDate "2010.07.25"]

1. e4 c5 2. c3 d5 3. exd5 Qxd5 4. d4 Nf6 5. Nf3 Bg4 6. dxc5 Qxd1+ 7. Kxd1 e5 8.
b4 e4 9. h3 Bh5 10. g4 Nxg4 11. hxg4 Bxg4 12. Nbd2 exf3 13. Bd3 Nc6 14. Re1+
Be7 15. Be4 Rd8 16. Kc2 f5 17. Bxc6+ bxc6 18. Nc4 Kf8 19. Bf4 Bf6 20. Re6 Re8
21. Rae1 Bh5 22. Rxf6+ gxf6 23. Bh6+ Kf7 24. Nd6+ Kg6 25. Rxe8 Rxe8 26. Nxe8
Kxh6 27. Nd6 Bg4 28. a4 a6 29. c4 f4 30. b5 cxb5 31. cxb5 axb5 32. axb5 1-0

[Event "British Chess Championship 2010"]
[Site "Canterbury ENG"]
[Date "2010.08.03"]
[Round "8.14"]
[White "McMichael, Richard J"]
[Black "Jones, Victor G L"]
[Result "1-0"]
[WhiteElo "2287"]
[BlackElo "2105"]
[PlyCount "79"]
[EventDate "2010.07.27"]
[EventType "swiss"]
[EventRounds "11"]
[EventCountry "ENG"]
[Source "lmi"]
[SourceDate "2010.07.25"]

1. Nf3 g6 2. d4 Nf6 3. e3 Bg7 4. Be2 O-O 5. b3 c5 6. Bb2 d5 7. O-O cxd4 8. exd4
Nc6 9. Nbd2 Bf5 10. Nh4 Bd7 11. a3 Ne4 12. Nhf3 Qb6 13. Ne5 Nxe5 14. dxe5 Nxd2
15. Qxd2 Bb5 16. Bd4 Qc6 17. Bxb5 Qxb5 18. f4 e6 19. Rae1 Rfe8 20. Rf3 Bf8 21.
a4 Qc6 22. Kh1 Rac8 23. Re2 Bc5 24. Bb2 d4 25. Rh3 h5 26. Rd3 Qb6 27. Qd1 Red8
28. h3 Rd5 29. g4 hxg4 30. hxg4 Kg7 31. Rh2 Rdd8 32. f5 Qc6+ 33. Kg1 Qe4 34.
f6+ Kg8 35. b4 Qe3+ 36. Kh1 Qe4+ 37. Kg1 Qe3+ 38. Kg2 Qe4+ 39. Qf3 Qxf3+ 40.
Kxf3 1-0

[Event "British Chess Championship 2010"]
[Site "Canterbury ENG"]
[Date "2010.08.03"]
[Round "8.15"]
[White "Griffiths, Ryan Rhys"]
[Black "Sathyanandha, Saravanan"]
[Result "1-0"]
[WhiteElo "2249"]
[BlackElo "1986"]
[PlyCount "119"]
[EventDate "2010.07.27"]
[EventType "swiss"]
[EventRounds "11"]
[EventCountry "ENG"]
[Source "lmi"]
[SourceDate "2010.07.25"]

1. e4 e5 2. Nf3 Nc6 3. d4 exd4 4. Nxd4 Bc5 5. Nxc6 Qf6 6. Qd2 dxc6 7. Nc3 Ne7
8. Qf4 Bd4 9. Qxf6 Bxf6 10. Bf4 Bxc3+ 11. bxc3 f5 12. Bd3 O-O 13. Bxc7 fxe4 14.
Bxe4 Bf5 15. Bxf5 Rxf5 16. O-O Nd5 17. Bg3 Nxc3 18. Rfe1 Kf7 19. Be5 Nd5 20. g4
Rf3 21. Kg2 Ra3 22. c4 Nf6 23. g5 Ne8 24. Rad1 Rxa2 25. Rd7+ Kg6 26. Bf4 Rc2
27. Kg3 Rxc4 28. Re6+ Kf5 29. Re5+ Kg6 30. Rxb7 Nd6 31. Re6+ Kf5 32. Re5+ Kg6
33. Re6+ Kf5 34. Rxd6 Rxf4 35. Rxc6 Rg4+ 36. Kh3 Rd4 37. Rxg7 a5 38. Rf6+ Ke5
39. Rxh7 a4 40. Re7+ Kd5 41. Rd7+ Ke5 42. f4+ Ke4 43. Re6+ Kd3 44. Rxd4+ Kxd4
45. Re1 a3 46. Kg4 a2 47. Ra1 Kd5 48. h4 Ke6 49. h5 Ra4 50. h6 Kf7 51. h7 Kg7
52. g6 Ra8 53. Kg5 Ra3 54. f5 Rg3+ 55. Kf4 Rg2 56. Rh1 Kh8 57. Rc1 Rh2 58. Rc8+
Kg7 59. Ra8 Kf6 60. Rxa2 1-0

[Event "British Chess Championship 2010"]
[Site "Canterbury ENG"]
[Date "2010.08.03"]
[Round "8.16"]
[White "Haydon, David L"]
[Black "Snape, Ian L"]
[Result "1/2-1/2"]
[WhiteElo "2187"]
[BlackElo "2233"]
[PlyCount "146"]
[EventDate "2010.07.27"]
[EventType "swiss"]
[EventRounds "11"]
[EventCountry "ENG"]
[Source "lmi"]
[SourceDate "2010.07.25"]

1. d4 Nf6 2. Bg5 e6 3. e4 h6 4. Bxf6 Qxf6 5. Nf3 d5 6. Nbd2 c5 7. Bb5+ Bd7 8.
Bxd7+ Nxd7 9. exd5 exd5 10. O-O O-O-O 11. c3 g5 12. dxc5 Nxc5 13. Nb3 Ne6 14.
Nfd4 Bg7 15. Qg4 Kb8 16. Rfe1 h5 17. Qf5 Nxd4 18. Nxd4 Qxf5 19. Nxf5 Bf6 20.
Rad1 Rhe8 21. Rxe8 Rxe8 22. Kf1 Rd8 23. Ke2 Kc7 24. h3 b5 25. a3 a5 26. Kd3 Re8
27. Ng3 h4 28. Nf5 Re5 29. Nd4 Kb6 30. Rf1 Re7 31. f4 gxf4 32. Rxf4 Bg5 33. Rf5
Re3+ 34. Kc2 Rg3 35. Rxd5 Rxg2+ 36. Kb3 a4+ 37. Ka2 Bd2 38. Rxb5+ Ka6 39. Kb1
Rg3 40. Rf5 Rxh3 41. Rxf7 Rh1+ 42. Kc2 Be1 43. Rf6+ Kb7 44. Rh6 Rf1 45. Kd3 Bg3
46. Ne2 Rb1 47. Nxg3 hxg3 48. Rg6 Rxb2 49. Rxg3 Rb3 50. Rg7+ Kb6 51. Kc4 Rxa3
52. Rg6+ Kb7 53. Rg5 Kb6 54. Rb5+ Kc6 55. Rb2 Ra1 56. Kb4 Kb6 57. Rh2 Rc1 58.
Rh6+ Kb7 59. Rh5 Kb6 60. Rb5+ Kc6 61. Ra5 Rb1+ 62. Kc4 Ra1 63. Ra6+ Kb7 64. Rg6
Rh1 65. Rg2 Kc6 66. Kb4 Ra1 67. Rg5 Kb6 68. Rb5+ Kc6 69. Ra5 Rb1+ 70. Kxa4 Ra1+
71. Kb4 Rxa5 72. Kxa5 Kc5 73. c4 Kxc4 1/2-1/2

[Event "British Chess Championship 2010"]
[Site "Canterbury ENG"]
[Date "2010.08.03"]
[Round "8.17"]
[White "Baker, Chris W"]
[Black "Rich, Mark C"]
[Result "1-0"]
[WhiteElo "2307"]
[BlackElo "2166"]
[PlyCount "71"]
[EventDate "2010.07.27"]
[EventType "swiss"]
[EventRounds "11"]
[EventCountry "ENG"]
[Source "lmi"]
[SourceDate "2010.07.25"]

1. d4 f5 2. g3 Nf6 3. Bg2 e6 4. Nf3 Be7 5. O-O O-O 6. c4 d6 7. Nc3 Ne4 8. Qc2
Nxc3 9. bxc3 Nc6 10. Rd1 Qe8 11. d5 Na5 12. dxe6 Bxe6 13. Nd4 Bxc4 14. Nxf5 Bf6
15. Ne3 Bf7 16. Nd5 Bg6 17. e4 Bd8 18. c4 c6 19. Ne3 Bb6 20. Bb2 Rd8 21. Nf5
Bxf5 22. exf5 Qf7 23. Rd5 Kh8 24. f6 gxf6 25. Rf5 Qe7 26. Qc3 Qe2 27. Rxf6 Kg8
28. Rxf8+ Kxf8 29. Qh8+ Kf7 30. Qxh7+ Ke8 31. Bc3 Rd7 32. Qh8+ Kf7 33. Qf6+ Kg8
34. Bf1 Qh5 35. Re1 Rh7 36. Bh3 1-0

[Event "British Chess Championship 2010"]
[Site "Canterbury ENG"]
[Date "2010.08.03"]
[Round "8.18"]
[White "Shaw, Peter"]
[Black "Rudd, Jack"]
[Result "0-1"]
[WhiteElo "2173"]
[BlackElo "2236"]
[PlyCount "53"]
[EventDate "2010.07.27"]
[EventType "swiss"]
[EventRounds "11"]
[EventCountry "ENG"]
[Source "lmi"]
[SourceDate "2010.07.25"]

1. d4 Nf6 2. c4 c5 3. d5 e6 4. Nc3 exd5 5. cxd5 d6 6. Nf3 g6 7. Bf4 a6 8. e4 b5
9. Qe2 Nh5 10. Bg5 f6 11. Be3 Nd7 12. Qc2 Ne5 13. Be2 Qe7 14. h3 Bd7 15. Nd2 b4
16. Ncb1 f5 17. Bxh5 gxh5 18. a4 Rg8 19. f4 Qh4+ 20. Kd1 Ng4 21. Nc4 Nxe3+ 22.
Nxe3 Qxf4 23. Nxf5 Bxf5 24. exf5 Bh6 25. Qe2+ Kf8 26. Nd2 Re8 27. Ke1 0-1

[Event "British Chess Championship 2010"]
[Site "Canterbury ENG"]
[Date "2010.08.03"]
[Round "8.19"]
[White "Ledger, Dave J"]
[Black "Henderson, Ian R"]
[Result "1-0"]
[WhiteElo "2233"]
[BlackElo "2108"]
[PlyCount "49"]
[EventDate "2010.07.27"]
[EventType "swiss"]
[EventRounds "11"]
[EventCountry "ENG"]
[Source "lmi"]
[SourceDate "2010.07.25"]

1. e4 d5 2. exd5 Nf6 3. d4 Bg4 4. Bb5+ Nbd7 5. f3 Bf5 6. Nc3 a6 7. Ba4 b5 8.
Bb3 Nb6 9. Nge2 Nbxd5 10. Nxd5 Nxd5 11. Ng3 Bg6 12. O-O e6 13. f4 Be7 14. f5
exf5 15. Nxf5 Bxf5 16. Rxf5 Nf6 17. c3 O-O 18. Qf3 Qd7 19. Bg5 c6 20. Rf1 Rae8
21. Bc2 Qe6 22. Re5 Qd6 23. Bxf6 Qxf6 24. Qe4 Qh4 25. Rxe7 1-0

[Event "British Chess Championship 2010"]
[Site "Canterbury ENG"]
[Date "2010.08.03"]
[Round "8.20"]
[White "Jackson, James P"]
[Black "Cumbers, Paul"]
[Result "1/2-1/2"]
[WhiteElo "2135"]
[BlackElo "2218"]
[PlyCount "100"]
[EventDate "2010.07.27"]
[EventType "swiss"]
[EventRounds "11"]
[EventCountry "ENG"]
[Source "lmi"]
[SourceDate "2010.07.25"]

1. e4 e6 2. d4 d5 3. e5 c5 4. c3 Nc6 5. Nf3 Qb6 6. a3 Nh6 7. b4 cxd4 8. cxd4
Nf5 9. Be3 f6 10. exf6 gxf6 11. Bd3 Nxe3 12. fxe3 Bd7 13. O-O O-O-O 14. Nc3 Ne7
15. Kh1 Kb8 16. Na4 Bxa4 17. Qxa4 Bg7 18. Rfe1 h5 19. Rac1 h4 20. h3 e5 21.
dxe5 fxe5 22. e4 Qg6 23. Qc2 Rc8 24. Qe2 Rxc1 25. Rxc1 d4 26. Qe1 Qf6 27. b5
Ng6 28. a4 Nf4 29. Bf1 Nxh3 30. b6 axb6 31. a5 b5 32. a6 bxa6 33. Bxb5 Rc8 34.
Rxc8+ Kxc8 35. Bxa6+ Qxa6 36. gxh3 Qa3 37. Kg2 Qb2+ 38. Kf1 Qb3 39. Qc1+ Kd7
40. Ke2 Bf6 41. Qd2 Kd6 42. Qd3 Qa2+ 43. Qd2 Qc4+ 44. Qd3 Qa2+ 45. Qd2 Qe6 46.
Qb4+ Kd7 47. Qa3 Ke8 48. Ne1 Be7 49. Qf3 Qa2+ 50. Kf1 Qf7 1/2-1/2

[Event "British Chess Championship 2010"]
[Site "Canterbury ENG"]
[Date "2010.08.03"]
[Round "8.21"]
[White "Anderson, John"]
[Black "Makepeace, Philip J"]
[Result "0-1"]
[WhiteElo "2208"]
[BlackElo "2074"]
[PlyCount "106"]
[EventDate "2010.07.27"]
[EventType "swiss"]
[EventRounds "11"]
[EventCountry "ENG"]
[Source "lmi"]
[SourceDate "2010.07.25"]

1. Nf3 Nf6 2. d4 e6 3. g3 d5 4. Bg2 Nbd7 5. O-O c5 6. c4 Be7 7. cxd5 exd5 8.
Nc3 O-O 9. dxc5 Nxc5 10. b3 b6 11. Nd4 Qd7 12. Bb2 Bb7 13. Qc2 Nce4 14. f3 Bc5
15. Na4 Rac8 16. Qd3 Nd6 17. Kh1 Nc4 18. bxc4 Qxa4 19. cxd5 Bxd5 20. e4 Bc4 21.
Qd1 Qb4 22. Rf2 Bb5 23. a4 Ba6 24. Rd2 Rfd8 25. Bh3 Rc7 26. Rc1 Ne8 27. Bc3 Qc4
28. Nf5 Rxd2 29. Qxd2 Qd3 30. Qxd3 Bxd3 31. Rd1 Bc2 32. Rd8 Bxa4 33. Be5 Rb7
34. Nd6 Re7 35. Bf4 g5 36. Bxg5 Bxd6 37. Bxe7 Bxe7 38. Ra8 a5 39. Kg2 Bb5 40.
Ra7 Bc5 41. f4 Bc6 42. Bd7 Bxd7 43. Rxd7 Nd6 44. e5 Nc4 45. Kf3 a4 46. Ke4 a3
47. Rd1 b5 48. f5 b4 49. Rd8+ Kg7 50. f6+ Kh6 51. g4 a2 52. Rd1 b3 53. Kf4 b2
0-1

[Event "British Chess Championship 2010"]
[Site "Canterbury ENG"]
[Date "2010.08.03"]
[Round "8.22"]
[White "Brown, Martin"]
[Black "Adair, James"]
[Result "0-1"]
[WhiteElo "2093"]
[BlackElo "2205"]
[PlyCount "122"]
[EventDate "2010.07.27"]
[EventType "swiss"]
[EventRounds "11"]
[EventCountry "ENG"]
[Source "lmi"]
[SourceDate "2010.07.25"]

1. e4 c5 2. Nf3 d6 3. d4 cxd4 4. Nxd4 Nf6 5. Nc3 a6 6. Be2 e5 7. Nb3 Be7 8. Be3
Be6 9. O-O O-O 10. Nd5 Nbd7 11. Qd3 Bxd5 12. exd5 Nc5 13. Qd2 Nfe4 14. Qb4 a5
15. Qb5 b6 16. f3 Nf6 17. Rfd1 Nh5 18. Bf1 f5 19. Qc4 Bg5 20. Bf2 Rc8 21. Nxc5
bxc5 22. g3 Rb8 23. Rab1 Nf6 24. a3 e4 25. f4 Bh6 26. Bh3 Nd7 27. b4 axb4 28.
axb4 Rc8 29. bxc5 Nxc5 30. Qe2 Na4 31. Bd4 Nc3 32. Bxc3 Rxc3 33. Qh5 Qc8 34.
Rbc1 Rxc2 35. Rxc2 Qxc2 36. Bf1 Rb8 37. Kh1 g6 38. Qe2 Qb3 39. Qd2 Bg7 40. Rc1
Ra8 41. Qc2 Qe3 42. Bg2 Bd4 43. Qc6 Rf8 44. Rf1 Bc5 45. Qd7 h5 46. Rb1 Rf7 47.
Qd8+ Kg7 48. Qb8 Ra7 49. Rb7+ Rxb7 50. Qxb7+ Kh6 51. Qb1 Qd4 52. h4 Qxd5 53.
Qb8 Bd4 54. Qd8 Bg7 55. Kh2 Qd2 56. Qg5+ Kh7 57. g4 fxg4 58. Kh1 d5 59. Kg1 e3
60. f5 Qf2+ 61. Kh1 Qe1+ 0-1

[Event "British Chess Championship 2010"]
[Site "Canterbury ENG"]
[Date "2010.08.03"]
[Round "8.23"]
[White "Galliano, Alexander"]
[Black "Addison, Bret C"]
[Result "1/2-1/2"]
[WhiteElo "2085"]
[BlackElo "2235"]
[PlyCount "67"]
[EventDate "2010.07.27"]
[EventType "swiss"]
[EventRounds "11"]
[EventCountry "ENG"]
[Source "lmi"]
[SourceDate "2010.07.25"]

1. e4 e5 2. Nf3 Nc6 3. d4 exd4 4. Nxd4 Nf6 5. Nxc6 bxc6 6. e5 Qe7 7. Qe2 Nd5 8.
c4 Ba6 9. b3 O-O-O 10. g3 g5 11. Qe4 Bg7 12. Bb2 Nb6 13. Nd2 Rde8 14. f4 gxf4
15. gxf4 Bb7 16. Bg2 f6 17. O-O-O fxe5 18. Rhe1 d6 19. fxe5 Bxe5 20. Bxe5 dxe5
21. Nf3 Qa3+ 22. Kb1 c5 23. Qc2 Rhg8 24. Bh3+ Kb8 25. Nxe5 a5 26. Qxh7 Rh8 27.
Qd3 a4 28. Rd2 Qb4 29. Rde2 Rd8 30. Qe3 Rh4 31. Nd3 Qc3 32. Nf2 Qb4 33. Nd3 Qc3
34. Nf2 1/2-1/2

[Event "British Chess Championship 2010"]
[Site "Canterbury ENG"]
[Date "2010.08.03"]
[Round "8.24"]
[White "Ball, Laurence"]
[Black "Eames, Robert S"]
[Result "0-1"]
[WhiteElo "2106"]
[BlackElo "2287"]
[PlyCount "54"]
[EventDate "2010.07.27"]
[EventType "swiss"]
[EventRounds "11"]
[EventCountry "ENG"]
[Source "lmi"]
[SourceDate "2010.07.25"]

1. e4 c5 2. Nf3 Nc6 3. Nc3 d6 4. Bb5 Bd7 5. Bxc6 Bxc6 6. d4 cxd4 7. Qxd4 Nf6 8.
Bg5 e6 9. O-O-O Be7 10. Rhe1 O-O 11. Qd2 Qc7 12. Kb1 Rfd8 13. Nd4 b5 14. f3 b4
15. Nxc6 Qxc6 16. Ne2 a5 17. Nd4 Qb7 18. g4 a4 19. Qe3 a3 20. b3 Ra5 21. Rc1
Nxg4 22. Bxe7 Nxe3 23. Bxd8 Qc8 24. c4 Qxd8 25. Rxe3 Qf6 26. Rd1 Rg5 27. Re2 h5
0-1

[Event "British Chess Championship 2010"]
[Site "Canterbury ENG"]
[Date "2010.08.03"]
[Round "8.25"]
[White "Chapman, Terry P D"]
[Black "Williams, Peter A"]
[Result "1/2-1/2"]
[WhiteElo "2251"]
[BlackElo "2145"]
[PlyCount "23"]
[EventDate "2010.07.27"]
[EventType "swiss"]
[EventRounds "11"]
[EventCountry "ENG"]
[Source "lmi"]
[SourceDate "2010.07.25"]

1. c4 e5 2. Nc3 Nf6 3. g3 Nc6 4. Bg2 Bc5 5. e3 O-O 6. Nge2 d5 7. Nxd5 Nxd5 8.
cxd5 Nb4 9. O-O Nxd5 10. d4 exd4 11. Nxd4 Nf6 12. Nb3 1/2-1/2

[Event "British Chess Championship 2010"]
[Site "Canterbury ENG"]
[Date "2010.08.03"]
[Round "8.26"]
[White "Jones, William E G"]
[Black "Maciol, Ryszard"]
[Result "1/2-1/2"]
[WhiteElo "2091"]
[BlackElo "2239"]
[PlyCount "53"]
[EventDate "2010.07.27"]
[EventType "swiss"]
[EventRounds "11"]
[EventCountry "ENG"]
[Source "lmi"]
[SourceDate "2010.07.25"]

1. e4 e6 2. d4 d5 3. Nc3 Nf6 4. e5 Nfd7 5. f4 c5 6. Nf3 Nc6 7. Be3 a6 8. Qd2 b5
9. dxc5 Bxc5 10. Ne2 Qb6 11. Bxc5 Nxc5 12. Ned4 O-O 13. O-O-O Ne4 14. Qe3 Nxd4
15. Nxd4 f5 16. exf6 Rxf6 17. Bd3 Bb7 18. g3 b4 19. Rhe1 Rc8 20. Kb1 Rf7 21.
Nf3 Qa5 22. Qd4 h6 23. Qe5 Rc5 24. Qb8+ Rc8 25. Qe5 Rc5 26. Qb8+ Rc8 27. Qe5
1/2-1/2

[Event "British Chess Championship 2010"]
[Site "Canterbury ENG"]
[Date "2010.08.03"]
[Round "8.27"]
[White "Sugden, John N"]
[Black "Clarke, Brandon G I"]
[Result "1-0"]
[WhiteElo "2199"]
[BlackElo "2097"]
[PlyCount "81"]
[EventDate "2010.07.27"]
[EventType "swiss"]
[EventRounds "11"]
[EventCountry "ENG"]
[Source "lmi"]
[SourceDate "2010.07.25"]

1. d4 d5 2. c4 c6 3. Nf3 Nf6 4. Nc3 Bf5 5. e3 e6 6. Bd3 Bg6 7. O-O Nbd7 8. b3
Bd6 9. Bb2 Ne4 10. Bxe4 dxe4 11. Nd2 f5 12. f4 Nf6 13. c5 Bh5 14. Qe1 Bc7 15.
Nc4 h6 16. Ba3 g5 17. Nd6+ Bxd6 18. cxd6 Kf7 19. Rc1 Rg8 20. Rc2 g4 21. g3 Ne8
22. Na4 Nxd6 23. Qb4 Nb5 24. Bb2 Qe7 25. Nc5 Rgb8 26. d5 exd5 27. a4 Nc7 28.
Qd4 Ne6 29. Nxe6 Qxe6 30. Qg7+ Ke8 31. Rd1 Bf7 32. Qd4 h5 33. Rdc1 Rc8 34. b4
b6 35. Ba3 Ke7 36. Rxc6 Rxc6 37. Rxc6 Qxc6 38. b5+ Qc5 39. Bxc5+ bxc5 40. Qxc5+
Kd7 41. Qc6+ 1-0

[Event "British Chess Championship 2010"]
[Site "Canterbury ENG"]
[Date "2010.08.03"]
[Round "8.28"]
[White "Salimbeni, George P W"]
[Black "Cumming, Rhys"]
[Result "1-0"]
[WhiteElo "2164"]
[BlackElo "1986"]
[PlyCount "87"]
[EventDate "2010.07.27"]
[EventType "swiss"]
[EventRounds "11"]
[EventCountry "ENG"]
[Source "lmi"]
[SourceDate "2010.07.25"]

1. e4 e5 2. Nf3 Nc6 3. Bc4 Bc5 4. c3 Nf6 5. d3 a6 6. O-O O-O 7. d4 Ba7 8. dxe5
Nxe4 9. b4 d6 10. Bd5 Nxf2 11. Rxf2 Bxf2+ 12. Kxf2 Nxe5 13. Bg5 Qe8 14. Kg1 c6
15. Bb3 Nxf3+ 16. Qxf3 Be6 17. Bc2 Bd5 18. Qg3 Qe2 19. Nd2 Rfe8 20. Bd3 Qe5 21.
Bf4 Qf6 22. Rf1 g6 23. c4 Be6 24. Bxd6 Qd4+ 25. Kh1 Rad8 26. c5 Bd5 27. Nb3
Bxb3 28. axb3 b5 29. Qf3 Rd7 30. Bc2 Qd2 31. Be4 Rc8 32. Bxc6 Rxd6 33. cxd6
Qxd6 34. Qxf7+ Kh8 35. Bd5 Qe5 36. Be6 Rb8 37. h3 Qg7 38. Qxg7+ Kxg7 39. Rf7+
Kh6 40. Ra7 Re8 41. Rxa6 Kg5 42. Kh2 Kf4 43. Bd7 Re3 44. Rb6 1-0

[Event "British Chess Championship 2010"]
[Site "Canterbury ENG"]
[Date "2010.08.03"]
[Round "8.29"]
[White "McCullough, Simon L"]
[Black "Padilla Cabero, Pablo"]
[Result "0-1"]
[WhiteElo "2030"]
[BlackElo "2149"]
[PlyCount "68"]
[EventDate "2010.07.27"]
[EventType "swiss"]
[EventRounds "11"]
[EventCountry "ENG"]
[Source "lmi"]
[SourceDate "2010.07.25"]

1. Nf3 d6 2. d4 f5 3. g3 Nf6 4. Bg2 e6 5. O-O Be7 6. c4 O-O 7. Nc3 Ne4 8. Nd2
Nxc3 9. bxc3 Nc6 10. e4 e5 11. d5 Na5 12. f4 exf4 13. gxf4 Bf6 14. Bb2 b6 15.
Qe2 Re8 16. Rae1 Qd7 17. Bh3 Qa4 18. Qd3 fxe4 19. Nxe4 Bh4 20. Ng5 Bxg5 21.
fxg5 Bxh3 22. Qxh3 Nxc4 23. Qf5 Nxb2 24. Qf7+ Kh8 25. Re7 Rg8 26. Qh5 Raf8 27.
g6 Rxf1+ 28. Kxf1 Qf4+ 29. Kg2 h6 30. Rf7 Qe4+ 31. Kg1 Re8 32. Qf5 Qxf5 33.
Rxf5 Kg8 34. Rf7 Rc8 0-1